000 03032cgm a2200697Ia 4500
003 data
005 20260322212031.0
007 data
008 data
020 _a0792850742
020 _a9780792850748
024 1 _a027616865700
028 4 2 _aDVD 1002359
_bMGM Home Entertainment
040 _aTEF
_cTEF
_dCIN
_dOCL
_dCUV
_dOCLCA
_dRCS
_dBTCTA
_dRCS
_dOCLCQ
_dJBO
_dCIN
041 1 _afre
_afre
_beng
_bspa
_beng
050 1 4 _aPN1997
_b.H6155 2001
082 0 4 _a791.43/72
090 _aDVD 907
245 1 0 _aHome for the holidays
_h[videorecording] /
_cPeggy Rajski ... [et al.].
250 _aWidescreen.
260 _a[United States] :
_bMGM Home Entertainment,
_c[2001], c1995.
300 _a1 videodisc (103 min.) :
_bsd., col. ;
_c4 3/4 in.
500 _aInformation from pre-release promotional materials; release date: Sept. 4, 2001.
500 _aOriginally produced as a motion picture in 1995.
500 _aBased on a short story by Chris Radant.
500 _aSpecial features: Audio commentary by director Jodie Foster; theatrical trailer.
508 _aDirector of photography, Lajos Koltai ; editor, Lynzee Klingman ; music, Mark Isham.
511 1 _aHolly Hunter, Robert Downey, Jr., Anne Bancroft, Dylan McDermott, Geraldine Chaplin, Steve Guttenberg, Claire Danes, Cynthia Stevenson, Charles Durning.
520 _aClaudia Larson is a divorced single mom who just lost her job and now has to fly home for the traditional family Thanksgiving in Baltimore. From the plane, she calls for reinforcements--and her brother Tommy makes it down from Boston with a little surprise: a handsome friend named Leo. Between dropping the turkey in their sister's lap and a few fist fights on the front lawn, Claudia and Tommy recapture their childhood and Claudia and Leo explore the sweet possibility of romance.
521 8 _aMPAA rating: PG-13.
538 _aDVD, Dolby digital 5.1, stereo., aspect ratio: 1.85:1.
546 _aEnglish or French dialogue, French or Spanish subtitles.
546 _aClosed-captioned.
650 0 _aAdult children
_vDrama.
650 0 _aThanksgiving Day
_vDrama.
655 0 _aFeature films.
655 0 _aComedy films.
655 0 _aVideo recordings for the hearing impaired.
655 7 _aComedy
_vFeature.
_2migfg.
655 7 _aComedy films.
_2gsafd.
700 1 _aRajski, Peggy.
700 1 _aFoster, Jodie.
700 1 _aRichter, W. D.
700 1 _aHunter, Holly,
_d1958-
700 1 _aDowney, Robert,
_d1965-
700 1 _aBancroft, Anne,
_d1931-2005.
700 1 _aMcDermott, Dylan.
700 1 _aChaplin, Geraldine,
_d1944-
700 1 _aGuttenberg, Steve,
_d1958-
700 1 _aDanes, Claire,
_d1979-
700 1 _aStevenson, Cynthia,
_d1962-
700 1 _aDurning, Charles,
_d1923-
700 1 _aKoltai, Lajos.
700 1 _aKlingman, Lynzee.
700 1 _aIsham, Mark.
700 1 _aRadant, Chris.
710 2 _aPolyGram Filmed Entertainment (Firm)
710 2 _aEgg Pictures.
710 2 _aMGM Home Entertainment Inc.
001 data
999 _c724
_d724